000 00502nam a2200193Ia 4500
005 20240823041745.0
008 240823s9999||||xx |||||||||||||| ||und||
020 _a978-81-8402-003-8
041 _aENGLISH
082 _A300 Q0
100 _aKannadhasan
245 0 _aSugamana Chinthanai - Arthamulla Indhumatham: 7m bagam
250 _a45 th
260 _c2010
_b"Kannadhasan Pathippagam,Ch"
500 _aTRANSFERED
650 _asugamana chinthanai
_bGeneral
942 _cBK
999 _c206256
_d206256